[Event "Sparkassen Chess Trophy 2024 A-Open"]
[Site "Dortmund"]
[Date "2024.08.18"]
[Round "9"]
[White "Neumair, Jerome"]
[Black "Slanina, Aaron"]
[Result "1-0"]
[WhiteElo "2091"]
[BlackElo "2001"]
[PlyCount "85"]
[EventDate "2024.08.10"]

1. d4 Nf6 2. c4 e6 3. Nc3 Bb4 4. e3 b6 5. Bd2 Bb7 6. Nf3 O-O 7. Bd3 Bxc3 8. Bxc3 Ne4 9. Bxe4 Bxe4 10. d5 Qe7 11. Qd4 f5 12. O-O-O d6 13. Qd2 e5 14. Nxe5 dxe5 15. Bb4 c5 16. dxc6 Qf7 17. Bxf8 Qxf8 18. c7 Na6 19. Qd8 Nxc7 20. Qxf8+ Kxf8 21. f3 Bc6 22. Rd6 Be8 23. Rhd1 Ke7 24. b3 Rc8 25. Kb2 Ne6 26. a3 Bc6 27. R6d2 Rc7 28. b4 Ba4 29. Rc1 a6 30. Rd5 Rd7 31. Rxe5 Rd2+ 32. Kc3 Rxg2 33. Rxf5 Rxh2 34. c5 bxc5 35. bxc5 Re2 36. Re5 Kf6 37. f4 Kf7 38. Rb1 Bd7 39. Rb6 g5 40. c6 Bc8 41. c7 Ke7 42. Rbxe6+ Bxe6 43. c8=Q {erfasst durch pgnApp - www.pgn-app.com} 1-0

[Event "Sparkassen Chess Trophy 2024 A-Open"]
[Site "Dortmund"]
[Date "2024.08.18"]
[Round "9"]
[White "Hirzel, Cedric"]
[Black "Mader, Fabian"]
[Result "1-0"]
[WhiteElo "2116"]
[BlackElo "2019"]
[PlyCount "101"]
[EventDate "2024.08.10"]

1. d4 Nf6 2. c4 g6 3. Nc3 d5 4. cxd5 Nxd5 5. Na4 Bg7 6. e4 Nb6 7. Be3 Nxa4 8. Qxa4+ Nd7 9. Nf3 O-O 10. Be2 Nf6 11. Qc2 Bg4 12. O-O c6 13. Rfd1 Qa5 14. a3 e6 15. b4 Qc7 16. Rac1 Rfc8 17. d5 exd5 18. exd5 Bf5 19. Qb3 Qe7 20. d6 Qe8 21. Bc4 b5 22. Bd3 Bxd3 23. Rxd3 Nd5 24. Bd4 Bxd4 25. Nxd4 Qd7 26. Nxc6 Rxc6 27. Rxc6 Qxc6 28. Qxd5 Qxd5 29. Rxd5 Rd8 30. g4 h6 31. Kg2 Kg7 32. Kf3 Kf6 33. Rxb5 Rxd6 34. Ra5 a6 35. Ke4 Ke6 36. Re5+ Kf6 37. h4 g5 38. Rf5+ Kg6 39. h5+ Kg7 40. a4 Rb6 41. b5 axb5 42. axb5 Rd6 43. Rd5 Rf6 44. Ke5 Rxf2 45. Kd6 Rf4 46. b6 Rxg4 47. b7 Rb4 48. Kc6 Rxb7 49. Kxb7 Kf6 50. Kc6 g4 51. Kd6 {erfasst durch pgnApp - www.pgn-app.com} 1-0

[Event "Sparkassen Chess Trophy 2024 A-Open"]
[Site "Dortmund"]
[Date "2024.08.18"]
[Round "9"]
[White "Della Sala, Bruno"]
[Black "Burkart, Lloyd Shang"]
[Result "0-1"]
[WhiteElo "2010"]
[BlackElo "2123"]
[PlyCount "84"]
[EventDate "2024.08.10"]

1. e4 c5 2. d4 cxd4 3. c3 dxc3 4. Nxc3 e6 5. Nf3 Nc6 6. Bc4 a6 7. O-O b5 8. Bb3 Na5 9. Nd4 Nxb3 10. Qxb3 Bb7 11. Bf4 Bc5 12. Ndxb5 axb5 13. Nxb5 Rc8 14. Rac1 Ba6 15. Rxc5 Rxc5 16. Nd6+ Kf8 17. Qb4 Rc6 18. Nb7+ Qe7 19. Bd6 Rxd6 20. Nxd6 g6 21. Qb8+ Kg7 22. Ne8+ Kh6 23. Re1 g5 24. h4 gxh4 25. Re3 Qg5 26. f4 Qc5 27. Qb3 Ne7 28. Nf6 d5 29. Kh2 Kg7 30. Nd7 Qd6 31. Ne5 f6 32. exd5 Nxd5 33. Re4 Nxf4 34. Nc4 Bxc4 35. Rxc4 Ne2+ 36. Kh1 Ng3+ 37. Kg1 Rd8 38. Rg4+ Kf7 39. Rxh4 Qd1+ 40. Qxd1 Rxd1+ 41. Kf2 Nf5 42. Rxh7+ Ng7 {erfasst durch pgnApp - www.pgn-app.com} 0-1

[Event "Sparkassen Chess Trophy 2024 A-Open"]
[Site "Dortmund"]
[Date "2024.08.18"]
[Round "9"]
[White "Hagenmeyer, Felix"]
[Black "Schwibbert, Jonas"]
[Result "1/2-1/2"]
[WhiteElo "1998"]
[BlackElo "2147"]
[PlyCount "33"]
[EventDate "2024.08.10"]

1. e4 e5 2. Nf3 Nc6 3. Bc4 Bc5 4. c3 Nf6 5. d3 O-O 6. O-O d5 7. exd5 Nxd5 8. Re1 Bg4 9. Nbd2 Nb6 10. h3 Bh5 11. Bb3 Qxd3 12. Nxe5 Bxd1 13. Nxd3 Bxb3 14. axb3 Be7 15. b4 a6 16. Ne4 Rfe8 17. Bf4 {erfasst durch pgnApp - www.pgn-app.com} 1/2-1/2

[Event "Sparkassen Chess Trophy 2024 A-Open"]
[Site "Dortmund"]
[Date "2024.08.18"]
[Round "9"]
[White "Buchinger, Alexis"]
[Black "Gallana, Marco"]
[Result "1-0"]
[WhiteElo "1991"]
[BlackElo "2276"]
[PlyCount "105"]
[EventDate "2024.08.10"]

1. e4 c5 2. Nf3 d6 3. d4 cxd4 4. Nxd4 Nf6 5. Nc3 g6 6. Be3 Nc6 7. f3 h5 8. Qd2 Nxd4 9. Bxd4 Bh6 10. Bb5+ Bd7 11. Qd3 Bc6 12. Rd1 O-O 13. Bxf6 exf6 14. O-O Qb6+ 15. Kh1 Bg7 16. b3 Rfd8 17. Bc4 Qc5 18. Nd5 a5 19. a4 Kf8 20. Qe3 Qxe3 21. Nxe3 Bh6 22. Nd5 Bxd5 23. Rxd5 Be3 24. f4 b6 25. g3 Bc5 26. Kg2 Re8 27. Kf3 Kg7 28. Rfd1 Re7 29. Rxd6 Bxd6 30. Rxd6 Rb8 31. Ke3 Rbb7 32. Kd4 h4 33. gxh4 Rbd7 34. e5 Kf8 35. Kd5 fxe5 36. fxe5 f5 37. exf6 Rxd6+ 38. Kxd6 Rh7 39. Bd3 Kf7 40. Kc6 Rxh4 41. Kxb6 g5 42. Kxa5 Rxh2 43. b4 g4 44. b5 g3 45. Be4 Re2 46. Bb7 Kxf6 47. b6 Rxc2 48. Bh1 Ke5 49. Ka6 Kd6 50. b7 Rb2 51. Ka7 Kc5 52. a5 Ra2 53. a6 {erfasst durch pgnApp - www.pgn-app.com} 1-0

[Event "Sparkassen Chess Trophy 2024 A-Open"]
[Site "Dortmund"]
[Date "2024.08.18"]
[Round "9"]
[White "Malinowsky, Levi"]
[Black "Holzwarth, Felix"]
[Result "1-0"]
[WhiteElo "2006"]
[BlackElo "1991"]
[PlyCount "47"]
[EventDate "2024.08.10"]

1. e4 c5 2. Nf3 Nc6 3. Bb5 g6 4. O-O Bg7 5. c3 Nf6 6. Re1 O-O 7. d4 d5 8. e5 Ne4 9. Be3 cxd4 10. cxd4 Qb6 11. Qe2 f5 12. exf6 Bxf6 13. Nc3 Nxc3 14. bxc3 Bg4 15. Rab1 Qc7 16. h3 Bf5 17. Bd3 Bxd3 18. Qxd3 Na5 19. Bh6 Rfc8 20. Qe2 Qd6 21. Ne5 Rxc3 22. Qg4 Bh8 23. Bd2 Ra3 24. Bb4 {erfasst durch pgnApp - www.pgn-app.com} 1-0

[Event "Sparkassen Chess Trophy 2024 A-Open"]
[Site "Dortmund"]
[Date "2024.08.18"]
[Round "9"]
[White "Diduh, Ihor"]
[Black "Lishoy Gengis Paratazham, Dildara"]
[Result "1/2-1/2"]
[WhiteElo "2058"]
[BlackElo "1962"]
[PlyCount "32"]
[EventDate "2024.08.10"]

1. e4 d6 2. d4 Nf6 3. Bd3 e5 4. Nf3 Nbd7 5. c3 Be7 6. O-O O-O 7. Re1 c6 8. Nbd2 Qc7 9. Nf1 Rd8 10. Ng3 Nf8 11. h3 c5 12. Qe2 Ne8 13. Be3 Be6 14. Ng5 exd4 15. cxd4 cxd4 16. Nxe6 Nxe6 {erfasst durch pgnApp - www.pgn-app.com} 1/2-1/2

[Event "Sparkassen Chess Trophy 2024 A-Open"]
[Site "Dortmund"]
[Date "2024.08.18"]
[Round "9"]
[White "Canino, Ruelle"]
[Black "Akhmatovski, Maxim"]
[Result "1-0"]
[WhiteElo "1908"]
[BlackElo "2078"]
[PlyCount "129"]
[EventDate "2024.08.10"]

1. c4 e6 2. Nf3 d5 3. g3 dxc4 4. Bg2 Nf6 5. Qa4+ Nbd7 6. Qxc4 c5 7. d3 a6 8. a4 b5 9. Qb3 Bb7 10. O-O Be7 11. Nc3 b4 12. Nb1 a5 13. Nbd2 O-O 14. Nc4 Nd5 15. Nfe5 Nxe5 16. Nxe5 Qc7 17. Nc4 Rfd8 18. e4 Nb6 19. Bf4 Qc6 20. Rfd1 Nxc4 21. Qxc4 Bf6 22. Qc2 Bd4 23. Rac1 Rac8 24. Be3 Qd7 25. b3 e5 26. Qc4 Kf8 27. h4 Rc6 28. Bxd4 cxd4 29. Qb5 Rxc1 30. Rxc1 Qxb5 31. axb5 Ke7 32. Bh3 Kd6 33. f4 Re8 34. fxe5+ Rxe5 35. Rc4 Rxb5 36. Rxd4+ Ke7 37. Kf2 Rb6 38. Rc4 Ba6 39. Rc7+ Kd8 40. Rc1 Bb5 41. Ra1 Ra6 42. Ke3 Kc7 43. Bg4 Rg6 44. Kf4 Kb6 45. d4 Rc6 46. e5 Rc3 47. e6 fxe6 48. Bxe6 Rd3 49. Ke5 Rxg3 50. Kf4 Rd3 51. Ke5 Re3+ 52. Kd6 Re4 53. d5 Rxh4 54. Ke7 a4 55. bxa4 Bc4 56. a5+ Ka7 57. Re1 Ka6 58. d6 Bb5 59. Re5 Rd4 60. Bc8+ Kxa5 61. Bd7 Ka6 62. Bxb5+ Kb6 63. Ba4 b3 64. Bxb3 Kc6 65. Re1 {erfasst durch pgnApp - www.pgn-app.com} 1-0

[Event "Sparkassen Chess Trophy 2024 A-Open"]
[Site "Dortmund"]
[Date "2024.08.18"]
[Round "9"]
[White "Thiel, Thomas"]
[Black "Ravikumar, Pranava"]
[Result "1-0"]
[WhiteElo "2129"]
[BlackElo "1991"]
[PlyCount "102"]
[EventDate "2024.08.10"]

1. e4 c5 2. c3 d5 3. exd5 Qxd5 4. Nf3 Nc6 5. Na3 Nf6 6. Bc4 Qd8 7. O-O e6 8. Re1 Be7 9. Bf1 O-O 10. Nc4 b6 11. a4 Bb7 12. a5 Rc8 13. axb6 axb6 14. Qb3 Nd5 15. d3 h6 16. Nfd2 Qc7 17. Ne4 Ra8 18. Bd2 Rfd8 19. Qb5 Na7 20. Qb3 Nc6 21. Qc2 e5 22. Ng3 Nf4 23. Rad1 Rd7 24. Kh1 Nh3 25. Bc1 Ng5 26. Qe2 f6 27. Qg4 Bf8 28. h4 Nf7 29. Nf5 Kh7 30. h5 Ne7 31. Nxe7 Rxe7 32. Qg6+ Kg8 33. Ne3 Nh8 34. Qg3 Qd7 35. Ng4 Kh7 36. d4 Qf5 37. dxe5 Qxh5+ 38. Kg1 f5 39. Ne3 Ng6 40. f4 Qh4 41. Nxf5 Qxg3 42. Nxg3 Ba6 43. c4 Nh8 44. Nf5 Rb7 45. g4 Re8 46. Bd2 b5 47. Ra1 Re6 48. Bg2 Rbb6 49. Ba5 bxc4 50. Bxb6 Rxb6 51. e6 Ng6 {Erfassung abgebrochen - unleserlich; erfasst durch pgnApp - www.pgn-app.com} 1-0

[Event "Sparkassen Chess Trophy 2024 A-Open"]
[Site "Dortmund"]
[Date "2024.08.18"]
[Round "9"]
[White "Reuter, Julian-Frank"]
[Black "Brotto, Alessandro"]
[Result "1/2-1/2"]
[WhiteElo "2091"]
[BlackElo "2037"]
[PlyCount "129"]
[EventDate "2024.08.10"]

1. Nf3 Nf6 2. g3 d5 3. Bg2 c6 4. c4 e6 5. O-O Nbd7 6. d4 Be7 7. Qc2 O-O 8. Nbd2 b6 9. e4 dxe4 10. Nxe4 Bb7 11. Rd1 c5 12. Nxf6+ Bxf6 13. dxc5 Qc7 14. cxb6 axb6 15. Be3 h6 16. a3 Rfe8 17. Rac1 Nc5 18. Nd4 Bxg2 19. Kxg2 e5 20. Nb5 Qc6+ 21. Kg1 Qf3 22. Bxc5 bxc5 23. Nc3 Bg5 24. Rb1 f5 25. Rd5 Bf6 26. Nb5 e4 27. Qd1 Qxd1+ 28. Rdxd1 Red8 29. b3 Be5 30. Kf1 Kf7 31. Ke2 Ke7 32. f3 exf3+ 33. Kxf3 g5 34. Re1 Kf6 35. Rbd1 Bd4 36. Rd3 h5 37. a4 Rab8 38. Nc7 g4+ 39. Kg2 Kg6 40. Nd5 Re8 41. Nf4+ Kf6 42. Nxh5+ Kg5 43. Rxe8 Rxe8 44. Nf4 Re1 45. h4+ gxh3+ 46. Nxh3+ Kg4 47. Nf2+ Kg5 48. Nh3+ Kg4 49. Rf3 Re2+ 50. Nf2+ Kg5 51. Rf4 Rb2 52. Rf3 Bxf2 53. Rxf2 Rxb3 54. Ra2 Kg4 55. a5 Rxg3+ 56. Kf1 Kf4 57. a6 Rg8 58. a7 Ra8 59. Kf2 Ke4 60. Ra4 Kd4 61. Kf3 Kc3 62. Kf4 Kb3 63. Ra6 Kxc4 64. Kxf5 Kb5 65. Ra1 {erfasst durch pgnApp - www.pgn-app.com} 1/2-1/2

[Event "Sparkassen Chess Trophy 2024 A-Open"]
[Site "Dortmund"]
[Date "2024.08.18"]
[Round "9"]
[White "Weigand, Anton"]
[Black "Steinle, Carsten"]
[Result "0-1"]
[WhiteElo "2115"]
[BlackElo "2017"]
[PlyCount "61"]
[EventDate "2024.08.10"]

1. e4 e6 2. d4 d5 3. Nc3 Nf6 4. Bg5 Be7 5. e5 Nfd7 6. h4 h6 7. Bxe7 Qxe7 8. f4 h5 9. Nf3 Nc6 10. Qd2 Nb6 11. Bd3 Bd7 12. a3 g6 13. O-O a6 14. b3 Na5 15. a4 Nc6 16. Na2 a5 17. c3 Nb8 18. Qf2 Na6 19. Nc1 Bc8 20. Ne2 Nd7 21. Ng5 Nf8 22. g3 b6 23. Kg2 Bb7 24. Rfc1 Nd7 25. Qf3 O-O 26. Rab1 c5 27. Bb5 Kh8 28. Qe3 Rfc8 29. Kh2 Ra7 30. Rb2 Rc7 31. Ra1 {Erfassung abgebrochen - unleserlich; erfasst durch pgnApp - www.pgn-app.com} 0-1

[Event "Sparkassen Chess Trophy 2024 A-Open"]
[Site "Dortmund"]
[Date "2024.08.18"]
[Round "9"]
[White "Menzel, Maximilian"]
[Black "Stork, Simon"]
[Result "0-1"]
[WhiteElo "2164"]
[BlackElo "2055"]
[PlyCount "76"]
[EventDate "2024.08.10"]

1. d4 d5 2. Nf3 Nf6 3. g3 c6 4. Bg2 Bf5 5. c4 e6 6. Nc3 Nbd7 7. Qb3 Qb6 8. c5 Qxb3 9. axb3 a6 10. b4 Rc8 11. h3 h6 12. g4 Bh7 13. Bf4 Be7 14. Nd2 O-O 15. Nb3 Bd8 16. Bd6 Re8 17. f4 Be4 18. Bf3 Nf8 19. Kf2 Bxf3 20. exf3 Bc7 21. Bxc7 Rxc7 22. Nc1 Rce7 23. Nd3 N6d7 24. Rae1 f6 25. Re2 Kf7 26. Rhe1 g5 27. fxg5 hxg5 28. f4 gxf4 29. Nxf4 Ng6 30. Nxg6 Kxg6 31. h4 e5 32. h5+ Kh7 33. Kg3 Rg7 34. dxe5 Nxe5 35. Kh3 Reg8 36. Rg2 Nxg4 37. Re6 Rg5 38. Kh4 Kh6 {erfasst durch pgnApp - www.pgn-app.com} 0-1

[Event "Sparkassen Chess Trophy 2024 A-Open"]
[Site "Dortmund"]
[Date "2024.08.18"]
[Round "9"]
[White "Gluma, Christian"]
[Black "Schaller, Fabian"]
[Result "1-0"]
[WhiteElo "2091"]
[BlackElo "2086"]
[PlyCount "106"]
[EventDate "2024.08.10"]

1. e4 c5 2. Nc3 Nc6 3. Bb5 g5 4. Bxc6 dxc6 5. d3 e5 6. Nf3 f6 7. Be3 Be6 8. Nd2 b6 9. Qe2 Ne7 10. h4 g4 11. h5 Ng8 12. h6 Ne7 13. f4 gxf3 14. Qxf3 Ng6 15. Ne2 Be7 16. Ng3 Qc7 17. Nh5 O-O-O 18. Ng7 Bd7 19. a4 a5 20. Nc4 Kb7 21. Ra3 Ka8 22. Bd2 Rb8 23. Ra1 Nf8 24. Nf5 Be6 25. Nce3 Bd8 26. Ke2 Ng6 27. g3 Rf8 28. Ng7 Bg8 29. c3 Be7 30. Ngf5 Be6 31. Rhb1 Rf7 32. b4 cxb4 33. cxb4 Bxb4 34. Bxb4 axb4 35. Rxb4 Bxf5 36. Qxf5 Ne7 37. Qe6 Nc8 38. Rc1 Qd7 39. Rxc6 Qxe6 40. Rxe6 Ka7 41. Nd5 f5 42. Rxe5 fxe4 43. Rbxe4 Rbb7 44. Nc3 Nd6 45. Nb5+ Nxb5 46. axb5 Rbc7 47. Rc4 Kb7 48. Ke3 Rcd7 49. Rf4 Kc7 50. Re6 Rxf4 51. gxf4 Rd5 52. Re5 Rd7 53. Ke4 Rf7 {erfasst durch pgnApp - www.pgn-app.com} 1-0

[Event "Sparkassen Chess Trophy 2024 A-Open"]
[Site "Dortmund"]
[Date "2024.08.18"]
[Round "9"]
[White "Steinmetzer, Thomas"]
[Black "Meuer, David"]
[Result "1-0"]
[WhiteElo "2215"]
[BlackElo "2087"]
[PlyCount "87"]
[EventDate "2024.08.10"]

1. e4 e6 2. d4 d5 3. e5 c5 4. c3 Nc6 5. Nf3 Nh6 6. Bxh6 gxh6 7. Qd2 Bd7 8. Be2 Bg7 9. O-O O-O 10. Na3 cxd4 11. cxd4 f6 12. exf6 Qxf6 13. Bb5 h5 14. Rae1 h4 15. h3 Be8 16. Bxc6 Bxc6 17. Qb4 Rae8 18. Re5 Qh6 19. Re3 Rf4 20. Qc5 Ref8 21. Qc3 Qg6 22. Ne5 Qf5 23. f3 Qg5 24. Rfe1 h5 25. Nc2 Rc8 26. R1e2 Bd7 27. Qd3 Be8 28. Qd2 Rf5 29. Qe1 Bb5 30. Rf2 Qg3 31. f4 Rxe5 32. dxe5 Qg6 33. Nd4 Bd3 34. Nxe6 Bf5 35. Nxg7 Qxg7 36. Rc3 Rd8 37. Qc1 d4 38. Rc7 Qg6 39. Kh1 d3 40. Qe3 Qe6 41. b3 Qd5 42. Rd2 Qe6 43. Kh2 Qg6 44. Qf2 {erfasst durch pgnApp - www.pgn-app.com} 1-0

[Event "Sparkassen Chess Trophy 2024 A-Open"]
[Site "Dortmund"]
[Date "2024.08.18"]
[Round "9"]
[White "Vollbehr, Bjarne"]
[Black "Rosen, Bernd"]
[Result "1/2-1/2"]
[WhiteElo "2019"]
[BlackElo "2245"]
[PlyCount "116"]
[EventDate "2024.08.10"]

1. Nf3 Nf6 2. b3 d6 3. c4 c5 4. e3 g6 5. Bb2 Bg7 6. Be2 e5 7. d4 cxd4 8. exd4 e4 9. Nfd2 O-O 10. O-O Re8 11. Nc3 Nc6 12. d5 Nd4 13. Re1 Nxe2+ 14. Qxe2 Bg4 15. Qe3 Bf5 16. h3 h5 17. Nf1 h4 18. Qd2 Nd7 19. Ne2 Bxb2 20. Qxb2 Ne5 21. Qd2 Bxh3 22. Nd4 Bf5 23. Nxf5 gxf5 24. Qh6 Ng4 25. Qh5 Qf6 26. Ne3 Nxe3 27. fxe3 Kg7 28. Rf1 Re5 29. Rad1 Rh8 30. Qe2 Qg6 31. Qe1 Qg3 32. Rf4 Rh6 33. Qf2 Qxf2+ 34. Kxf2 Kg6 35. Rh1 Kg5 36. Ke2 b5 37. a4 bxa4 38. bxa4 Rh8 39. Rb1 h3 40. Rh1 h2 41. g4 fxg4 42. Rxf7 Rf5 43. Rg7+ Kf6 44. Rxg4 Rb8 45. Kd2 Rb3 46. Kc2 Rxe3 47. Rxh2 Ke5 48. Rg6 Ra3 49. Re6+ Kd4 50. Kb2 Rxa4 51. Rxd6 Rb4+ 52. Ka2 Rxc4 53. Rd7 a5 54. d6 Kd3 55. Re7 e3 56. d7 Rd5 57. Rh8 Rcd4 58. Rh5 Rxd7 {erfasst durch pgnApp - www.pgn-app.com} 1/2-1/2

[Event "Sparkassen Chess Trophy 2024 A-Open"]
[Site "Dortmund"]
[Date "2024.08.18"]
[Round "9"]
[White "Stevens, Titus"]
[Black "Mainka, Alwin"]
[Result "1-0"]
[WhiteElo "2005"]
[BlackElo "2240"]
[PlyCount "87"]
[EventDate "2024.08.10"]

1. Nf3 Nf6 2. c4 g6 3. Nc3 d5 4. cxd5 Nxd5 5. h4 h6 6. Qb3 Nb6 7. d4 Bg7 8. e4 c6 9. Be3 Be6 10. Qc2 N8d7 11. Be2 Nc4 12. Bc1 Qa5 13. O-O Nd6 14. Bd2 Qd8 15. Bf4 O-O 16. Rfd1 Qa5 17. Rab1 Bg4 18. Nh2 Bxe2 19. Qxe2 b5 20. d5 b4 21. dxc6 bxc3 22. cxd7 Qxa2 23. Nf3 Nc4 24. Ra1 Qb3 25. bxc3 e5 26. Rab1 Qxc3 27. Rbc1 Qa5 28. Bxh6 Bxh6 29. Rxc4 Bg7 30. Qc2 Rad8 31. Rc5 Qa6 32. Rc6 Qb7 33. Rcd6 f6 34. h5 gxh5 35. Qc4+ Kh7 36. Nh4 a5 37. Nf5 Kg6 38. Ne7+ Kh7 39. Nc6 Qc7 40. Qd5 a4 41. Nxd8 Rxd8 42. Rc6 Qb8 43. Qf7 Rf8 44. Qxf8 {erfasst durch pgnApp - www.pgn-app.com} 1-0

[Event "Sparkassen Chess Trophy 2024 A-Open"]
[Site "Dortmund"]
[Date "2024.08.18"]
[Round "9"]
[White "Wichtrup, Jan-Louis"]
[Black "Lettko, Michael"]
[Result "1-0"]
[WhiteElo "2138"]
[BlackElo "1937"]
[PlyCount "71"]
[EventDate "2024.08.10"]

1. e4 c6 2. d4 d5 3. exd5 cxd5 4. Bd3 Nc6 5. c3 Nf6 6. h3 g6 7. Nf3 Bf5 8. O-O Qc7 9. Re1 Bxd3 10. Qxd3 Bg7 11. Be3 O-O 12. Nbd2 e6 13. g3 Rac8 14. Bf4 Qb6 15. Nb3 Nd7 16. Re2 Na5 17. Nxa5 Qxa5 18. a3 b5 19. Qd1 Qb6 20. Ne1 a5 21. Nd3 a4 22. Qd2 Qc6 23. Bh6 Nb6 24. Bxg7 Kxg7 25. Rae1 Rfe8 26. h4 Nc4 27. Qf4 Qc7 28. Qg4 h5 29. Qg5 Qe7 30. Qxd5 Nxa3 31. bxa3 Rxc3 32. Qxb5 Rd8 33. Qe5+ f6 34. Qe4 e5 35. Nf4 Qf7 36. dxe5 {erfasst durch pgnApp - www.pgn-app.com} 1-0

[Event "Sparkassen Chess Trophy 2024 A-Open"]
[Site "Dortmund"]
[Date "2024.08.18"]
[Round "9"]
[White "Klaska, Philipp Leon"]
[Black "Manukonda Arun"]
[Result "1-0"]
[WhiteElo "2184"]
[BlackElo "1988"]
[PlyCount "89"]
[EventDate "2024.08.10"]

1. d4 d5 2. c4 e6 3. Nc3 Nf6 4. Nf3 Nbd7 5. cxd5 exd5 6. Bf4 Bb4 7. Rc1 Ne4 8. Nd2 Bxc3 9. bxc3 Nxf2 10. Kxf2 Qf6 11. e3 g5 12. Qf3 gxf4 13. exf4 O-O 14. g3 Nb6 15. Bd3 Bf5 16. Rhe1 Rfe8 17. Re5 Bxd3 18. Qxd3 Rxe5 19. dxe5 Qg6 20. f5 Qh6 21. Rh1 Re8 22. Nf3 c6 23. Re1 Nd7 24. Qd4 b6 25. c4 Nc5 26. cxd5 cxd5 27. Qxd5 Qh5 28. g4 Qh6 29. Kg3 Qf8 30. Qd2 h6 31. Qe2 Rd8 32. h4 Rd3 33. Rd1 Ra3 34. Rd4 Kh7 35. g5 Qc8 36. Qc2 Rc3 37. Qb1 Rc1 38. Qb2 Rf1 39. Qe2 Rc1 40. e6 fxe6 41. g6+ Kg8 42. f6 Rc3 43. Qe5 Kf8 44. Qd6+ Kg8 45. Qd8+ {erfasst durch pgnApp - www.pgn-app.com} 1-0

[Event "Sparkassen Chess Trophy 2024 A-Open"]
[Site "Dortmund"]
[Date "2024.08.18"]
[Round "9"]
[White "Van Amerongen, Arjen"]
[Black "Boehme, Markus"]
[Result "1/2-1/2"]
[WhiteElo "2011"]
[BlackElo "2138"]
[PlyCount "60"]
[EventDate "2024.08.10"]

1. d4 Nf6 2. Bf4 c5 3. dxc5 Na6 4. Qd4 Qa5+ 5. Nc3 Nxc5 6. Bd2 Qb6 7. Nf3 d6 8. Na4 Nxa4 9. Qxa4+ Bd7 10. Qb3 Qc7 11. g3 Bc6 12. Bg2 g6 13. O-O Bg7 14. c3 O-O 15. Rfe1 a5 16. Nd4 Bxg2 17. Kxg2 a4 18. Qc2 d5 19. Rac1 Rfc8 20. Qd1 Ne4 21. f3 Nd6 22. a3 Qb6 23. Rb1 Nc4 24. e4 dxe4 25. Rxe4 Rd8 26. Bg5 f6 27. Qe2 Nd6 28. Rxe7 fxg5 29. Rxg7+ Kxg7 30. Qe5+ Kf7 {erfasst durch pgnApp - www.pgn-app.com} 1/2-1/2

[Event "Sparkassen Chess Trophy 2024 A-Open"]
[Site "Dortmund"]
[Date "2024.08.18"]
[Round "9"]
[White "Winkler, Yonathan"]
[Black "Moeller, Maurin"]
[Result "1/2-1/2"]
[WhiteElo "2047"]
[BlackElo "2082"]
[PlyCount "22"]
[EventDate "2024.08.10"]

1. d4 Nf6 2. Bf4 c5 3. e3 Qb6 4. Nc3 Qxb2 5. Nb5 Nd5 6. Rb1 Qxa2 7. Ra1 Qb2 8. Rb1 Qa2 9. e4 Nxf4 10. Ra1 Qb2 11. Rb1 Qa2 {erfasst durch pgnApp - www.pgn-app.com} 1/2-1/2

[Event "Sparkassen Chess Trophy 2024 A-Open"]
[Site "Dortmund"]
[Date "2024.08.18"]
[Round "9"]
[White "Wagner, Alexej"]
[Black "Gallas, Noel"]
[Result "1-0"]
[WhiteElo "2201"]
[BlackElo "2053"]
[PlyCount "53"]
[EventDate "2024.08.10"]

1. d4 Nf6 2. c4 e6 3. Nc3 Bb4 4. Qc2 O-O 5. e4 d5 6. e5 Ne4 7. Bd3 c5 8. Nf3 cxd4 9. Nxd4 Nd7 10. Bf4 Qh4 11. g3 Qh5 12. cxd5 exd5 13. f3 Nec5 14. Bf5 Nxe5 15. Bxe5 Re8 16. f4 f6 17. O-O fxe5 18. fxe5 Bxf5 19. Rxf5 Qg4 20. Rf4 Qd7 21. e6 Qd8 22. e7 Qd7 23. Nf5 Ne4 24. Nxe4 Rac8 25. Qd3 Rc4 26. Nfd6 Bxd6 27. Qxd5+ {erfasst durch pgnApp - www.pgn-app.com} 1-0

[Event "Sparkassen Chess Trophy 2024 A-Open"]
[Site "Dortmund"]
[Date "2024.08.18"]
[Round "9"]
[White "Kurt, Sascha"]
[Black "Mainka, Gregor"]
[Result "1/2-1/2"]
[WhiteElo "2064"]
[BlackElo "2210"]
[PlyCount "44"]
[EventDate "2024.08.10"]

1. e4 e6 2. d4 d5 3. Nc3 Bb4 4. e5 c5 5. a3 Bxc3+ 6. bxc3 Ne7 7. Qg4 Kf8 8. a4 Qc7 9. Qd1 b6 10. Nf3 h6 11. Bb5 Ba6 12. O-O Bxb5 13. axb5 a5 14. bxa6 Rxa6 15. Rxa6 Nxa6 16. Ba3 g6 17. Qd3 Nb8 18. c4 dxc4 19. Qxc4 Nd7 20. Nd2 Kg7 21. Ne4 Ra8 22. Nd6 Qc6 {erfasst durch pgnApp - www.pgn-app.com} 1/2-1/2

[Event "Sparkassen Chess Trophy 2024 A-Open"]
[Site "Dortmund"]
[Date "2024.08.18"]
[Round "9"]
[White "Panjer, Sidney"]
[Black "Kiese, Matthias"]
[Result "1-0"]
[WhiteElo "2208"]
[BlackElo "2106"]
[PlyCount "81"]
[EventDate "2024.08.10"]

1. d4 d5 2. c4 e6 3. Nf3 Nf6 4. g3 Be7 5. Bg2 O-O 6. Nc3 dxc4 7. Ne5 c5 8. dxc5 Qxd1+ 9. Nxd1 Bxc5 10. O-O Nd5 11. Nxc4 Nc6 12. Nde3 Nxe3 13. Bxe3 Bxe3 14. fxe3 Rd8 15. Rad1 Kf8 16. Bxc6 Rxd1 17. Rxd1 bxc6 18. Ne5 c5 19. Kf2 f6 20. Nd3 c4 21. Nc5 Rb8 22. Rd4 Ke7 23. Rxc4 Rxb2 24. Nd3 Rb5 25. Rc7+ Kf8 26. Rxa7 e5 27. a4 Bf5 28. a5 Bxd3 29. exd3 Rb2+ 30. Kf3 Rxh2 31. a6 Ra2 32. Ke4 Ra5 33. Kf5 Kg8 34. Ke6 h5 35. d4 exd4 36. exd4 Ra3 37. Ra8+ Kh7 38. d5 Re3+ 39. Kf7 Rxg3 40. a7 Ra3 41. d6 {erfasst durch pgnApp - www.pgn-app.com} 1-0

[Event "Sparkassen Chess Trophy 2024 A-Open"]
[Site "Dortmund"]
[Date "2024.08.18"]
[Round "9"]
[White "Sommer, Justus"]
[Black "Keyser, Robin"]
[Result "1/2-1/2"]
[WhiteElo "2075"]
[BlackElo "2229"]
[PlyCount "64"]
[EventDate "2024.08.10"]

1. e4 c6 2. d4 d5 3. exd5 cxd5 4. c4 Nf6 5. Nc3 Nc6 6. Nf3 a6 7. c5 Bg4 8. Be2 g6 9. O-O Bg7 10. Be3 O-O 11. h3 Bxf3 12. Bxf3 e6 13. Rb1 h6 14. b4 Nh7 15. Qd2 Qh4 16. Ne2 Rad8 17. Rfd1 e5 18. Kh2 exd4 19. Nxd4 Nxd4 20. Bxd4 Ng5 21. Bxg7 Nxf3+ 22. gxf3 Kxg7 23. Qd4+ Qf6 24. Rb3 Rfe8 25. Re3 Re6 26. Kg3 Kf8 27. Qxf6 Rxf6 28. Re5 a5 29. a3 axb4 30. axb4 d4 31. Rd3 b6 32. Re4 bxc5 {erfasst durch pgnApp - www.pgn-app.com} 1/2-1/2

[Event "Sparkassen Chess Trophy 2024 A-Open"]
[Site "Dortmund"]
[Date "2024.08.18"]
[Round "9"]
[White "Collin, Moritz Valentin"]
[Black "Gasper, Joern"]
[Result "1-0"]
[WhiteElo "2234"]
[BlackElo "2000"]
[PlyCount "97"]
[EventDate "2024.08.10"]

1. d4 Nf6 2. c4 e6 3. Nc3 Bb4 4. e3 O-O 5. Bd2 d5 6. Nf3 Re8 7. Bd3 dxc4 8. Bxc4 a6 9. O-O b5 10. Bd3 Nbd7 11. a4 Nc5 12. dxc5 Qxd3 13. Nxb5 axb5 14. Bxb4 Qc4 15. Qd4 Qxd4 16. Nxd4 bxa4 17. Rfd1 Nd5 18. Be1 e5 19. Nc6 Ra6 20. Na5 Be6 21. Rxa4 Rea8 22. b4 c6 23. e4 Nc7 24. Ra3 Nb5 25. Rad3 Kf8 26. Rd8+ Rxd8 27. Rxd8+ Ke7 28. Rb8 Kd7 29. f3 Kc7 30. Rb7+ Kc8 31. Rb6 Rxb6 32. cxb6 Bd7 33. Bg3 f6 34. f4 Nc3 35. fxe5 Ne2+ 36. Kf2 Nxg3 37. Kxg3 fxe5 38. Kf3 Be8 39. Ke3 Bd7 40. g3 Be8 41. Nc4 Bh5 42. Nxe5 Kb7 43. g4 Be8 44. Nc4 Bd7 45. g5 h6 46. h4 hxg5 47. hxg5 Be6 48. Kd4 Bg8 49. Kc5 {erfasst durch pgnApp - www.pgn-app.com} 1-0